000 00720cam1a220022900 4500
001 lce00589503
008 740801s1967 ilua b 000 0 eng
010 _a 66029493
035 _a(Sirsi) r114110
035 _a(DLC) 66029493
035 _a(UPRA)lce00589503
050 0 _aLB1025
_b.J79
082 _a371.1
100 1 _aJoyce, Bruce R.
_6A8076.1
245 1 4 _aThe structure of teaching
_c[by] Bruce R. Joyce [and] Berj Harootunian.
260 _aChicago,
_bScience Research Associates
_c[1967]
504 _aIncludes bibliographical references.
650 0 _aTeaching.
_6S3593.1
700 1 _aHarootunian, Berj.
_6A76814.1
949 _aLB1025
_wlcc
_i33729005786541
_mMAIN
_tBOOK
_lON-SHELF
004 114110
999 _c192771
_d192771